000 00734cab a2200229 4500
001 WB2835-32
008 090401t1992 xxu||||| |||| 00| 0 eng d
035 _a(Sirsi) u6967
041 _aeng
100 _aHill, Caroline
245 _aProposals for surveyors
260 _c1992
350 _a0
490 _aCSM (Chartered Surveyor Monthly)
_v2(1) September 1992, 11(1)
520 _aReview of recent EC proposals which will affect surveyors including proposals to limit carbon dioxide emissions and to increase the thermal insulation of buildings.
650 _aCARBON DIOXIDE EMISSIONS
650 _aEC DIRECTIVES
650 _aTHERMAL INSULATION
690 _aEUROPE-SINGLE MARKET
942 _n0
948 _c04/03/1997
999 _c4149
_d4149